Statistiken für Länder mit d

Klicken Sie hier um das Quiz zu spielen!

Allgemein

  • Dieses Quiz wurde 204 mal gespielt
  • Das Durchschnittsergebnis liegt bei 4 aus 5

Antwortstatistiken

HintAntwort% Korrekt
EuropaDänemark
97%
EuropaDeutschland
97%
AmerikaDominika
76%
AfrikaDschibuti
76%
AmerikaDominikanische Republik
75%

Verteilung der Resultate

Perzentil nach korrekt beantworteten Fragen

Anzahl Personen mit jedem Resultat

Ihre Resultats-Entwicklung

Sie haben dieses Quiz noch nicht gespielt